• 首页
  • 本馆介绍
  • 公告通知
  • 最新文献
  • 馆藏检索
  • 电子资源
  • 读者导购
  • 参考咨询
  • 我的图书馆
  • 登录
  • 详细信息显示
  • 放入我的书架
  • 预约/预借图书
  • 作者相关作品
  • 分类相关作品
  • 丛书相关作品
  • 出版社相关作品

书目信息

  • 表格格式
  • 工作单格式
  • 卡片格式
题名:
中产阶级的孩子们
    
 
作者: 程巍 著
分册:  
出版信息: 北京   三联书店  2006
页数: 495页
开本: 21cm
丛书名: 三联·哈佛燕京学术丛书
单 册:
中图分类: D569
科图分类:
主题词: 学生运动--研究--西方国家--1960~1969 , 国际政治
电子资源:
ISBN: 7-108-02458-6
000 01130oam2 2200277 450
001 1249387493
005 20121005134351.75
010    @a7-108-02458-6@dCNY28.00
100    @a20060926d2006 em y0chiy50 ea
101 0  @achi@eeng
102    @aCN@b110000
105    @ay z 001yy
200 1  @a中产阶级的孩子们@Azhong chan jie ji de hai zi men@e60年代与文化领导权@f程巍著
210    @a北京@c三联书店@d2006
215    @a495页@d21cm
225 2  @a三联·哈佛燕京学术丛书
308    @a丛书第十辑
330    @a本书是有关60年代文化运动的一次大胆的“文化研究”尝试。作者以文化革命立题,在政治经济学与语言符号学的学科交叉边界上,展示文化研究的崭新思路,提出一套有效的跨学科解释方案。作者将黑格尔的历史形态学、马克思的阶级分析和葛兰西的文化领导权理论综合成一个历史阐释框架,提供了关于60年代文化革命的一种历史阐释。
461  0 @12001 @a三联·哈佛燕京学术丛书
517 1  @a60年代与文化领导权@A60 nian dai yu wen hua ling dao quan
606 0  @a学生运动@x研究@y西方国家@z1960~1969
606 0  @a国际政治
690    @aD569@v4
701  0 @a程巍@Acheng wei@f(1966~)@4著
801  0 @aCN@bNLC@c20101222
905    @a10447@dD569@eJY13
    
    中产阶级的孩子们:60年代与文化领导权/程巍著.-北京:三联书店,2006
    495页;21cm.-(三联·哈佛燕京学术丛书)
    
    
    ISBN 7-108-02458-6:CNY28.00
    本书是有关60年代文化运动的一次大胆的“文化研究”尝试。作者以文化革命立题,在政治经济学与语言符号学的学科交叉边界上,展示文化研究的崭新思路,提出一套有效的跨学科解释方案。作者将黑格尔的历史形态学、马克思的阶级分析和葛兰西的文化领导权理论综合成一个历史阐释框架,提供了关于60年代文化革命的一种历史阐释。
●
相关链接 在E读中查询图书 在五车中查询图书 在当当中查询图书 在豆瓣中查询图书


正题名:中产阶级的孩子们     索取号:D569/JY13         预约/预借

序号 登录号 条形码 馆藏地/架位号 状态 备注
1 7811776   278117761   学院路分馆/ [索取号:D569/JY13] 在馆    
2 7811777   278117770   学院路分馆/ [索取号:D569/JY13] 在馆    
唐山师范学院图书馆 欢迎您!
大连网信软件有限公司© 版权所有